Armes à feu - Statistiques

Statistiques générales
  • Ce quiz a été pris 277 fois
  • Le résultat moyen est 3 sur 10
Statistiques - réponses
Par images Réponse % Correct
Glock 17
90%
1911
43%
P38
26%
Glock 19x
23%
P08
21%
Beretta 92
19%
C96
18%
CZ 75
18%
TT 33
12%
SIG P320
9%
Aucun quiz correspondant
Distribution des résultats
% des personnes avec chaque résultat
Percentile par nombre de réponses
Votre historique - résultats
Vous n’avez pas pris ce quiz